000 01112cam a22002775a 4500
001 L143058
008 080404s2008 xxk f u 000 0 eng u
020 _a9781847980618
035 _a(Sirsi) u143058
041 0 _aeng
050 0 4 _a657.3 $2 18
110 1 _aAccounting Standards Board
_93454
245 0 0 _aAmendment to FRS 25
_b'financial instruments, presentation', puttable financial instruments and obligations arising on liquidation
260 _aLondon
_bAccounting Standards Board
_c2008
300 _a58p.
_c21cm.
350 _a10
490 0 _aASB Financial Reporting Exposure Draft
490 0 _aASB Financial Reporting Standard
520 _aSets out proposed amendments to FRS 25 in relation to its liability-equity classification requirements for puttable financial instruments. The deadline for comments on the proposed amendments is 16 May 2008.
590 _aKA
650 _aINTERNATIONAL ACCOUNTING STANDARDS BOARD
650 _aFRS25
651 4 _aInternational
690 _aMANAGEMENT-BUSINESS MANAGEMENT-FINANCIAL MANAGEMENT-ACCOUNTING-FINANCIAL REPORTING
942 _n0
999 _c108047
_d108047